000 00966nam a2200313Ic 4500
001 59589
003 CO-BoRNBP
005 20251023141448.0
007 ta
008 170410s2008 c a g 000 0 s
020 _a9789589760291
040 _aCO-BoRNBP
_bspa
_erda
_cCO-BoRNBP
041 _aspa
084 _aA
100 _aBolaños, María Paula,
_eaut
_934660
245 1 0 _aRana /
_cMaría Paula Bolaños.
250 _a2a. edición
264 1 _aBogotá, Colombia :
_bBabel,
_c2008
300 _a[18] páginas :
_bilustraciones en color
336 _atexto
_btxt
_2rdacontent
337 _asin mediación
_bn
_2rdamedia
338 _avolumen
_bnc
_2rdacarrier
650 0 4 _aCuentos infantiles colombianos
_2LEMB
650 0 7 _aLibros ilustrados para niños
_2LEMB
_92001
650 0 7 _aMascotas en la litertaura
_2lemb
_960224
650 0 7 _aRanas en la literatura
_2lemb
_960463
650 0 4 _aLiteratura infantil colombiana
_2LEMB
_934
942 _2loc
_cBKLIT
999 _c59589
_d59589